Belső vizeken kalózkodó megjegyzések Lövétei Lázár László: Távolságtartás című kötetéhez /
Elmentve itt :
| Szerző: | |
|---|---|
| További közreműködők: | |
| Dokumentumtípus: | Könyv része |
| Megjelent: |
2001
|
| Sorozat: | Szövegek között
5 Fejezetek a mai magyar irodalomból 5 |
| Kulcsszavak: | Magyar irodalom - költészet - Erdély |
| Tárgyszavak: | |
| Online Access: | http://acta.bibl.u-szeged.hu/31998 |
| LEADER | 00854naa a2200229 i 4500 | ||
|---|---|---|---|
| 001 | acta31998 | ||
| 005 | 20220207085418.0 | ||
| 008 | 161017s2001 hu o 0|| hun d | ||
| 022 | |a 1418-0480 | ||
| 040 | |a SZTE Egyetemi Kiadványok Repozitórium |b hun | ||
| 041 | |a hun | ||
| 100 | 1 | |a Pieldner Judit | |
| 245 | 1 | 0 | |a Belső vizeken kalózkodó |h [elektronikus dokumentum] : |b megjegyzések Lövétei Lázár László: Távolságtartás című kötetéhez / |c Pieldner Judit |
| 260 | |c 2001 | ||
| 300 | |a 197-201 | ||
| 490 | 0 | |a Szövegek között |v 5 | |
| 490 | 0 | |a Fejezetek a mai magyar irodalomból |v 5 | |
| 650 | 4 | |a Bölcsészettudományok | |
| 650 | 4 | |a Nyelvek és irodalom | |
| 695 | |a Magyar irodalom - költészet - Erdély | ||
| 700 | 0 | 2 | |a Lövétei Lázár László |
| 856 | 4 | 0 | |u http://acta.bibl.u-szeged.hu/31998/1/szovegek_004_197-201.pdf |z Dokumentum-elérés |